000 00844nam a2200361 a 4500
003 AR-BaBNM
005 20251128203504.0
008 082120s2002 ||||||||||||||000 | spa||
040 _cAR-BaBNM
100 1 _aBusto Duthurburu, José Antonio del
245 0 0 _aPerú incaico
250 _a4ª ed.
260 _aBuenos Aires
_bStadium
_c1982
300 _a384 p.
_bil., láms.
650 4 _aARTE
650 4 _aSOCIEDAD
650 4 _aECONOMIA
650 4 _aPOLITICA
650 4 _aRELIGION
650 4 _aABORIGENES
650 4 _aPOBLACIONES ABORIGENES
650 4 _aARQUEOLOGIA
650 4 _aHISTORIA LATINOAMERICANA
650 4 _aLITERATURA
650 4 _aPINTURA
650 4 _aCIVILIZACION
650 4 _aIMPERIO
650 4 _aETNOLOGIA
650 4 _aEJERCITOS
651 4 _aPerú
942 _cBK
998 _cmariana
999 _c3621
_d3621